000 00462nam a22001697a 4500
003 OSt
005 20140310182450.0
008 130220t xxu||||| |||| 00| 0 eng d
020 _a9780072844030
050 _aRA 409
_b.K88 2005
245 _aBasic statistics for the health sciences
_cJan W. Kuzma.
260 _aMountain View, Calif. :
_b Mayfield Pub. Co.,
_cc2004
300 _a384 p.
_c24 cm.
541 _j1
562 _e1
942 _2lcc
_cSSLC
999 _c13661
_d13661